Normal view
MARC view
- DE-COMP-28
Entry Topical Term
001 - CONTROL NUMBER
- control field: 72279
003 - CONTROL NUMBER IDENTIFIER
- control field: NUST
005 - DATE AND TIME OF LATEST TRANSACTION
- control field: 20210628204752.0
008 - FIXED-LENGTH DATA ELEMENTS
- fixed length control field: 210628|| aca||aabn | a|a d
040 ## - CATALOGING SOURCE
- Original cataloging agency: NUST
- Transcribing agency: NUST
150 ## - HEADING--TOPICAL TERM
- Topical term or geographic name entry element: DE-COMP-28
670 ## - SOURCE DATA FOUND
- Source citation: Work cat.: (NUST): SALMAN-UL-HAQ, JAWAD,USMAN, ASAD 72278, PR-SOF-1008-ACCELERATING COMPUTE INTENSIVE IMAGE PROCESSING ALGORITHMS ON GPUS, 2010
